00617nam a2200193Ia 4500008004100000082001300041100001400054245003100068250000600099260003500105300001200140500002400152650001200176700001300188942000700201952010000208952010000308999001500408230524s9999 xx 000 0 und d a530bGUP aS.L.Gupta 0aConcepts of Modern Physics a* aNEW DELHIb Dhanpaat Raic2002 aXII;628 aQuantity Number: 2 aPhysics a S.Gupta cBK 00104070aTATCLbTATCLcGENd2023-05-24l0o530 GUPp6652r2023-05-24w2023-05-24yBKzBS1102 00104070aTATCLbTATCLcGENd2023-05-24l0o530 GUPp6653r2023-05-24w2023-05-24yBKzBS1102 c6566d6566